000 00351nam a2200133Ia 4500
008 240624s9999 xx 000 0 und d
041 _aeng
082 _a395.5 RAV
100 _aRAVINUTHALA NAGASUDHA
245 _aBUSINESS ETIQUETTE AN INTRODUCTION
260 _c2006
_aHyderabad
_bICFAI press
300 _avi, : 193 : p. : cm. ; 23
365 _cRS
_b50
999 _c6382
_d6382